Field projects in antrhopology : a student handbook
Αποθηκεύτηκε σε:
| Κύριος συγγραφέας: | |
|---|---|
| Άλλοι συγγραφείς: | |
| Μορφή: | Βιβλίο |
| Γλώσσα: | English |
| Δημοσίευση: |
Prospect Heights :
Waveland,
c1992.
|
| Έκδοση: | 3η έκδ. |
| Θέματα: | |
| Ετικέτες: |
Προσθήκη ετικέτας
Δεν υπάρχουν, Καταχωρήστε ετικέτα πρώτοι!
|
MARC
| LEADER | 00000nam a2200000 a 4500 | ||
|---|---|---|---|
| 001 | 1/127509 | ||
| 008 | 231017s1992 us | ||| |||| ||eng|| | ||
| 020 | |a 0881336858 | ||
| 040 | |a GR-MyUa |b gre |c GR-MyUa |e AACR2 | ||
| 041 | 0 | |a eng | |
| 082 | 7 | |a 306.8 |2 (23) | |
| 100 | 1 | |a Crane, Julia G. | |
| 245 | 1 | 0 | |a Field projects in antrhopology : |b a student handbook / |c Julia G. Crane, Michael V. Angrosino. |
| 250 | |a 3η έκδ. | ||
| 260 | |a Prospect Heights : |b Waveland, |c c1992. | ||
| 300 | |a 200 σ. : |b πιν., |c 23 εκ. | ||
| 504 | |a Περιέχει βιβλιογραφικές παραπομπές και ευρετήριο. | ||
| 650 | 0 | |a Ethnology |x Fieldwork. | |
| 700 | 1 | |a Angrosino, Michael V. | |
| 852 | |a INST |b LESVOS |e 20231017 |h 306.8 CRA |p 005100062270 |q 005100062270 |t BK |y 0 | ||
| 970 | |a Καμάτσου |b Δέσποινα |z 17-10-2023 | ||